| 000 | 00462nam a22001577a 4500 | ||
|---|---|---|---|
| 008 | 151104b xxu||||| |||| 00| 0 eng d | ||
| 020 | _a9781578261000 | ||
| 050 | _aBT732.5 F537 2000 | ||
| 100 |
_aFlach, Frederic _920926 |
||
| 245 |
_aFaith, Healing, and Miracles _cFrederic Flach |
||
| 260 |
_aNew York _bHatheleigh Press _c2000 |
||
| 300 |
_aix, 230p. ; _c23cm. |
||
| 650 |
_aSpiritual healing _920927 |
||
| 650 |
_aMiracles _920928 |
||
| 942 |
_2lcc _cMONOGRAPH |
||
| 999 |
_c123738 _d123738 |
||